[Event "Landsturneringen NM i sjakk 2013"]
[Site "Radisson Blu Lillehammer Hotel"]
[Date "2013.06.29"]
[Round "4"]
[White "Eggerud, Frank"]
[Black "Fossan, Andreas"]
[Result "1/2-1/2"]
[WhiteElo "1416"]
[BlackElo "1289"]
[PlyCount "65"]
[EventDate "2013.??.??"]

1. e4 c6 2. d4 d5 3. exd5 cxd5 4. Bd3 Nf6 5. c3 Qc7 6. Nf3 Bg4 7. Bg5 Nbd7 8.
Nbd2 e6 9. Bh4 Bd6 10. Qb3 O-O 11. O-O Rfc8 12. Rfe1 a6 13. Bg3 Bxg3 14. hxg3
Rab8 15. Ne5 Nxe5 16. Rxe5 Bh5 17. Nf3 Bxf3 18. gxf3 b5 19. Kg2 Qb6 20. Rb1 a5
21. a3 h6 22. Qd1 Qc7 23. Re2 b4 24. axb4 axb4 25. Rc2 Qb6 26. c4 dxc4 27. Rxc4
Rxc4 28. Bxc4 Rd8 29. Qa4 Rxd4 30. b3 Rd2 31. Rf1 Rd7 32. Ra1 Rd2 33. Rf1
1/2-1/2

[Event "Landsturneringen NM i sjakk 2013"]
[Site "Radisson Blu Lillehammer Hotel"]
[Date "2013.06.29"]
[Round "4"]
[White "Jakobsen, Øivind"]
[Black "Kristiansen, Oddvar"]
[Result "0-1"]
[WhiteElo "1368"]
[BlackElo "1389"]
[PlyCount "84"]
[EventDate "2013.??.??"]

1. d4 Nf6 2. c4 g6 3. Nc3 Bg7 4. e4 d6 5. Bd3 O-O 6. Nge2 Nc6 7. O-O e5 8. d5
Ne7 9. Ng3 c6 10. Bg5 cxd5 11. cxd5 a6 12. Qd2 Bd7 13. a4 b6 14. Rfc1 Qb8 15.
Qe2 Qb7 16. Qf3 Bg4 17. Qe3 Nc8 18. h3 Bd7 19. Rc2 Ne8 20. Qe2 h6 21. Be3 Ne7
22. a5 b5 23. Na2 Rc8 24. Rac1 Rxc2 25. Qxc2 f5 26. Bb6 f4 27. Nf1 g5 28. Nb4
Nc8 29. Be2 Nxb6 30. axb6 Qxb6 31. Bg4 Bxg4 32. hxg4 a5 33. Nc6 Nf6 34. Qe2 Rf7
35. Kh2 Nd7 36. Nd2 Nc5 37. f3 Bf8 38. Ra1 a4 39. b3 Rh7 40. Qf2 h5 41. Kg1
hxg4 42. b4 g3 0-1

[Event "Landsturneringen NM i sjakk 2013"]
[Site "Radisson Blu Lillehammer Hotel"]
[Date "2013.06.29"]
[Round "4"]
[White "Ellingsrud, Bjørn"]
[Black "Bergquist, Rune"]
[Result "0-1"]
[WhiteElo "1262"]
[BlackElo "1394"]
[PlyCount "72"]
[EventDate "2013.??.??"]

1. e4 c6 2. d4 d5 3. exd5 cxd5 4. Bb5+ Bd7 5. Bxd7+ Nxd7 6. Nf3 e6 7. Bf4 Ngf6
8. c3 Qb6 9. Qb3 Qa6 10. Qc2 Bd6 11. Bxd6 Qxd6 12. O-O O-O 13. Nbd2 Rac8 14.
Qd3 Rc7 15. c4 dxc4 16. Nxc4 Qa6 17. Nce5 Nxe5 18. Nxe5 Qxd3 19. Nxd3 Rfc8 20.
Rac1 Nd5 21. Rxc7 Rxc7 22. Rc1 Rxc1+ 23. Nxc1 Kf8 24. Kf1 Ke7 25. Ke2 Kd6 26.
g3 Nb4 27. a3 Nc6 28. Kd3 Kd5 29. Ne2 Kd6 30. Nc3 a6 31. Ne4+ Kd7 32. b4 b6 33.
f4 h6 34. g4 Ne7 35. a4 Nd5 36. a5 Nxb4+ 0-1

[Event "Landsturneringen NM i sjakk 2013"]
[Site "Radisson Blu Lillehammer Hotel"]
[Date "2013.06.29"]
[Round "4"]
[White "Røilid, S. Kristian"]
[Black "Gaarder, Hans K"]
[Result "0-1"]
[WhiteElo "1314"]
[BlackElo "1404"]
[PlyCount "44"]
[EventDate "2013.??.??"]

1. e4 e6 2. d4 d5 3. exd5 exd5 4. Nf3 Bd6 5. Bg5 Ne7 6. Be2 O-O 7. O-O Bf5 8.
Nc3 c6 9. Re1 f6 10. Be3 Qc7 11. Qd2 Nd7 12. h3 Rfe8 13. Bd3 Nf8 14. Ne2 Nfg6
15. b3 Be4 16. c4 Bxf3 17. gxf3 Nh4 18. Qc2 Nxf3+ 19. Kg2 Nh4+ 20. Kf1 Bb4 21.
Red1 Qh2 22. Ng1 Neg6 0-1

[Event "Landsturneringen NM i sjakk 2013"]
[Site "Radisson Blu Lillehammer Hotel"]
[Date "2013.06.29"]
[Round "4"]
[White "Brekke, John Ivar"]
[Black "Hjortås, Olav"]
[Result "0-1"]
[WhiteElo "1384"]
[BlackElo "1441"]
[PlyCount "52"]
[EventDate "2013.??.??"]

1. e4 d5 2. exd5 Nf6 3. Nc3 Nxd5 4. Bc4 Nb6 5. Bb3 Nc6 6. Nf3 Bf5 7. O-O e6 8.
h3 Be7 9. d3 h5 10. Re1 g5 11. a4 g4 12. hxg4 hxg4 13. Nd2 Qd6 14. g3 Nd4 15.
Nce4 Qc6 16. a5 Nxb3 17. Nxb3 O-O-O 18. axb6 Bxe4 19. f4 Rh1+ 20. Kf2 Rh2+ 21.
Ke3 Bf3 22. bxa7 Kd7 23. a8=Q Rxa8 24. Rxa8 Bxd1 25. Nd4 Bc5 26. Rf1 Re2# 0-1

[Event "Landsturneringen NM i sjakk 2013"]
[Site "Radisson Blu Lillehammer Hotel"]
[Date "2013.06.29"]
[Round "4"]
[White "Berezkin, Alexander"]
[Black "Dybvik, Bjørn Noralf"]
[Result "1/2-1/2"]
[WhiteElo "1345"]
[BlackElo "1252"]
[PlyCount "58"]
[EventDate "2013.??.??"]

1. e4 c6 2. Nf3 d5 3. exd5 cxd5 4. d4 Nf6 5. Be2 e6 6. O-O Nc6 7. c3 h6 8. Bf4
Bd6 9. Bxd6 Qxd6 10. Bb5 O-O 11. Nbd2 a6 12. Bd3 Re8 13. Re1 e5 14. dxe5 Nxe5
15. Nxe5 Rxe5 16. Rxe5 Qxe5 17. Nf3 Qf4 18. Qd2 Qc7 19. Re1 Bd7 20. h3 Bc6 21.
Qc2 Ne4 22. c4 Nf6 23. cxd5 Nxd5 24. a3 Rc8 25. Be4 Nf6 26. Bxc6 Qxc6 27. Qxc6
Rxc6 28. Re7 Rc1+ 29. Kh2 b5 1/2-1/2

[Event "Landsturneringen NM i sjakk 2013"]
[Site "Radisson Blu Lillehammer Hotel"]
[Date "2013.06.29"]
[Round "4"]
[White "Lindsjørn, Yngve"]
[Black "Tallaksen, Henrik G"]
[Result "1/2-1/2"]
[WhiteElo "1376"]
[BlackElo "1293"]
[PlyCount "51"]
[EventDate "2013.??.??"]

1. e4 c5 2. Nc3 Nc6 3. g3 g6 4. Bg2 Bg7 5. d3 Nf6 6. Be3 d6 7. h3 O-O 8. Qd2
Bd7 9. Nf3 Rb8 10. O-O b5 11. Bh6 b4 12. Ne2 a5 13. Bxg7 Kxg7 14. b3 Qc7 15.
Nh2 a4 16. f4 axb3 17. axb3 Ra8 18. g4 Ra5 19. Qc1 Rfa8 20. Qb2 Kg8 21. Rxa5
Rxa5 22. Ra1 Rxa1+ 23. Qxa1 Qa5 24. Qxa5 Nxa5 25. f5 Nc6 26. Nf3 1/2-1/2

[Event "Landsturneringen NM i sjakk 2013"]
[Site "Radisson Blu Lillehammer Hotel"]
[Date "2013.06.29"]
[Round "4"]
[White "Solli, Jarle"]
[Black "Olsen, Jens Petter"]
[Result "1-0"]
[WhiteElo "1304"]
[BlackElo "1284"]
[PlyCount "59"]
[EventDate "2013.??.??"]

1. c4 Nf6 2. Nc3 g6 3. g3 Bg7 4. Bg2 O-O 5. e3 e5 6. Nge2 Nc6 7. O-O d6 8. d4
exd4 9. exd4 Ne7 10. Re1 c6 11. Bg5 h6 12. Bxf6 Bxf6 13. Ne4 Bg7 14. N2c3 f5
15. Nd2 Bxd4 16. Nf3 Bg7 17. Nd4 f4 18. Ne6 Bxe6 19. Rxe6 Rf6 20. Bh3 fxg3 21.
hxg3 d5 22. Qe2 Nf5 23. Bxf5 Rxf5 24. Rxg6 Kh7 25. Re6 dxc4 26. Qe4 Qg5 27. g4
Kh8 28. Qxf5 Qh4 29. Rae1 Rf8 30. Re8 1-0

[Event "Landsturneringen NM i sjakk 2013"]
[Site "Radisson Blu Lillehammer Hotel"]
[Date "2013.06.29"]
[Round "4"]
[White "Hauan, Tore Martin Madsø"]
[Black "Dyrhaug, Sverre S"]
[Result "1/2-1/2"]
[WhiteElo "1367"]
[BlackElo "1335"]
[PlyCount "74"]
[EventDate "2013.??.??"]

1. d4 Nf6 2. c4 e6 3. Nf3 b6 4. Bg5 Bb4+ 5. Nbd2 Bb7 6. a3 Be7 7. e3 O-O 8. Bd3
c5 9. dxc5 Bxc5 10. O-O Be7 11. Qc2 h6 12. Bh4 d5 13. cxd5 Nxd5 14. Bxe7 Qxe7
15. Rac1 Nd7 16. Nb3 Rac8 17. Qd2 N5f6 18. Qe2 Rfd8 19. Ba6 Nc5 20. Nxc5 bxc5
21. Bxb7 Qxb7 22. Rc4 Rb8 23. Rb1 Rd5 24. e4 Rdd8 25. h3 Qb5 26. Rc2 Rd3 27.
Rxc5 Qxc5 28. Qxd3 Rxb2 29. Rxb2 Qc1+ 30. Kh2 Qxb2 31. Qe3 Qb6 32. Qxb6 axb6
33. Nd2 Kf8 34. a4 Nd7 35. Nc4 Ke8 36. a5 bxa5 37. Nxa5 Nc5 1/2-1/2

[Event "Landsturneringen NM i sjakk 2013"]
[Site "Radisson Blu Lillehammer Hotel"]
[Date "2013.06.29"]
[Round "4"]
[White "Fadnes, Bård"]
[Black "Kveli, Lars"]
[Result "1-0"]
[WhiteElo "1396"]
[BlackElo "1449"]
[PlyCount "75"]
[EventDate "2013.??.??"]

1. e4 d6 2. d4 Nf6 3. Bd3 g6 4. Ne2 Bg7 5. O-O c6 6. c3 b6 7. Bf4 Bb7 8. Qc2
Nh5 9. Be3 e5 10. f4 Nd7 11. Nd2 Qe7 12. fxe5 dxe5 13. Rf2 Rd8 14. Raf1 O-O 15.
Qb3 Nhf6 16. Bb1 Ng4 17. Rf3 Nxe3 18. Rxe3 Bh6 19. Rd3 exd4 20. cxd4 Nf6 21. e5
Nd5 22. Ne4 Kh8 23. Rh3 Bg7 24. N2c3 c5 25. Nd6 Rxd6 26. exd6 Bxd4+ 27. Kh1
Qxd6 28. Nb5 Qe6 29. Nxd4 cxd4 30. Qd3 Ne3 31. Qxd4+ Kg8 32. Qxe3 Qd6 33. Be4
Re8 34. Qh6 f5 35. Qxh7+ Kf8 36. Bxb7 Re7 37. Qh8+ Kf7 38. Rh7+ 1-0

[Event "Landsturneringen NM i sjakk 2013"]
[Site "Radisson Blu Lillehammer Hotel"]
[Date "2013.06.29"]
[Round "4"]
[White "Carstensen, Øyvind"]
[Black "Kjernlie, Ole Ivar"]
[Result "0-1"]
[WhiteElo "1348"]
[BlackElo "1227"]
[PlyCount "72"]
[EventDate "2013.??.??"]

1. d4 c6 2. Nd2 d5 3. e3 Nf6 4. Ngf3 Bf5 5. a3 e6 6. c4 Nbd7 7. b4 a5 8. Bb2
axb4 9. axb4 Rxa1 10. Qxa1 Bxb4 11. Bc3 Bxc3 12. Qxc3 Ne4 13. Qa3 f6 14. Nb3
Kf7 15. c5 Qc7 16. Nh4 Rb8 17. Qa7 Qc8 18. Nxf5 Ra8 19. Nd6+ Nxd6 20. Qxa8 Qxa8
21. cxd6 Qa3 22. Nd2 Qa1+ 23. Ke2 Qa3 24. g4 Qxd6 25. Bg2 b6 26. f4 c5 27. Rf1
cxd4 28. e4 d3+ 29. Kf3 Qb4 30. Rf2 g5 31. Kg3 gxf4+ 32. Kxf4 Qd6+ 33. Kf3 Ne5+
34. Kg3 Ng6+ 35. Kh3 Nf4+ 36. Kg3 Ne2+ 0-1

[Event "Landsturneringen NM i sjakk 2013"]
[Site "Radisson Blu Lillehammer Hotel"]
[Date "2013.06.29"]
[Round "4"]
[White "Olsen, Rolf A"]
[Black "Jacobsen, Caroline Beer"]
[Result "0-1"]
[WhiteElo "1338"]
[BlackElo "1334"]
[PlyCount "50"]
[EventDate "2013.??.??"]

1. e4 e5 2. Nf3 Nc6 3. Bc4 Nf6 4. d4 exd4 5. Nxd4 Nxe4 6. O-O Nf6 7. Nxc6 bxc6
8. Bg5 Be7 9. Re1 O-O 10. Qe2 Bc5 11. Nc3 d5 12. Bd3 Bd7 13. h3 Re8 14. Qf3 Kh8
15. Rxe8+ Bxe8 16. Bf5 h6 17. Bh4 Rb8 18. b3 Rb4 19. Bg4 Qe7 20. Bxf6 Qxf6 21.
Qxf6 gxf6 22. Re1 Rxg4 23. Rxe8+ Rg8 24. Re2 f5 25. g3 Rxg3+ 0-1

[Event "Landsturneringen NM i sjakk 2013"]
[Site "Radisson Blu Lillehammer Hotel"]
[Date "2013.06.29"]
[Round "4"]
[White "Olsen, Trygve"]
[Black "Brokke, Otto"]
[Result "0-1"]
[WhiteElo "1287"]
[BlackElo "1440"]
[PlyCount "54"]
[EventDate "2013.??.??"]

1. f4 d5 2. Nf3 Nc6 3. d4 Nf6 4. e3 Bg4 5. Be2 e6 6. O-O Be7 7. a3 a6 8. c3 O-O
9. Nbd2 Rb8 10. Qe1 Bf5 11. Ne5 Nxe5 12. dxe5 Ne4 13. Nf3 Bg4 14. b4 b5 15. Bd3
c5 16. bxc5 Nxc5 17. Bc2 a5 18. Nd4 Rb6 19. Qg3 h5 20. h3 Bh4 21. Qh2 Bf5 22.
Nxf5 exf5 23. Bxf5 Ne4 24. Bxe4 dxe4 25. g3 Rg6 26. Qe2 Bxg3 27. Kh1 Qh4 0-1

[Event "Landsturneringen NM i sjakk 2013"]
[Site "Radisson Blu Lillehammer Hotel"]
[Date "2013.06.29"]
[Round "4"]
[White "Prytz, Tormod"]
[Black "Yilmaz, Kazim"]
[Result "1/2-1/2"]
[WhiteElo "1377"]
[BlackElo "1368"]
[PlyCount "44"]
[EventDate "2013.??.??"]

1. e4 c6 2. d4 d5 3. e5 Bf5 4. Nf3 e6 5. a3 c5 6. Be3 Qc7 7. c3 a6 8. Bd3 Bg6
9. h4 Bxd3 10. Qxd3 c4 11. Qc2 Nd7 12. Nbd2 h5 13. Ng5 Nh6 14. f4 Nf5 15. Bf2
g6 16. Rg1 Bh6 17. Ndf3 a5 18. a4 b6 19. g4 hxg4 20. Rxg4 Bxg5 21. Rxg5 Ke7 22.
Kd2 Rh6 1/2-1/2

[Event "Landsturneringen NM i sjakk 2013"]
[Site "Radisson Blu Lillehammer Hotel"]
[Date "2013.06.29"]
[Round "5"]
[White "Kristiansen, Oddvar"]
[Black "Steinkellner, Rudolf"]
[Result "0-1"]
[WhiteElo "1389"]
[BlackElo "1449"]
[PlyCount "60"]
[EventDate "2013.??.??"]

1. Nf3 d5 2. g3 Nf6 3. Bg2 c6 4. d4 e6 5. c4 Nbd7 6. O-O Bd6 7. cxd5 exd5 8.
Nc3 O-O 9. e4 dxe4 10. Ng5 h6 11. Ngxe4 Bc7 12. Qf3 Re8 13. Be3 Qe7 14. Nxf6+
Qxf6 15. Qxf6 Nxf6 16. h3 Be6 17. Rfe1 Rad8 18. Rac1 Bb6 19. Rcd1 Nd5 20. Nxd5
Bxd5 21. b3 Kf8 22. Bxd5 Rxd5 23. b4 Red8 24. Rd3 Bxd4 25. Red1 Bxe3 26. Rxd5
Bxf2+ 27. Kxf2 Rxd5 28. Rxd5 cxd5 29. Ke3 Ke7 30. Kd4 Kd6 0-1

[Event "Landsturneringen NM i sjakk 2013"]
[Site "Radisson Blu Lillehammer Hotel"]
[Date "2013.06.29"]
[Round "5"]
[White "Hjortås, Olav"]
[Black "Jensen, Torben Winther"]
[Result "0-1"]
[WhiteElo "1441"]
[BlackElo "1491"]
[PlyCount "32"]
[EventDate "2013.??.??"]

1. d4 Nf6 2. Bg5 e6 3. e4 h6 4. Bxf6 Qxf6 5. e5 Qe7 6. c3 b6 7. Nf3 Bb7 8. Be2
Nc6 9. O-O a6 10. Nbd2 g6 11. Re1 Bg7 12. Nf1 O-O 13. Bd3 Nd8 14. g3 f5 15.
exf6 Qxf6 16. Ne5 Qxf2#
0-1

[Event "Landsturneringen NM i sjakk 2013"]
[Site "Radisson Blu Lillehammer Hotel"]
[Date "2013.06.29"]
[Round "5"]
[White "Bergquist, Rune"]
[Black "Eggerud, Frank"]
[Result "1/2-1/2"]
[WhiteElo "1394"]
[BlackElo "1416"]
[PlyCount "62"]
[EventDate "2013.??.??"]

1. d4 Nf6 2. c4 e6 3. Nc3 Bb4 4. Qc2 c5 5. dxc5 Na6 6. a3 Bxc3+ 7. Qxc3 Nxc5 8.
Nf3 O-O 9. b4 Nce4 10. Qc2 b6 11. e3 Bb7 12. Be2 Rc8 13. O-O d5 14. Rd1 Qc7 15.
Bb2 dxc4 16. Be5 Qe7 17. Nd4 Nd7 18. Bf4 a6 19. Bf3 Ndf6 20. Be5 Rfd8 21. Bxe4
Nxe4 22. f3 Nf6 23. Ne2 Rd3 24. Rxd3 cxd3 25. Qxd3 Bd5 26. Qxa6 Rc2 27. Nd4 Rc3
28. Nf5 exf5 29. Bxc3 Qxe3+ 30. Kh1 Qxc3 31. Rd1 g6 1/2-1/2

[Event "Landsturneringen NM i sjakk 2013"]
[Site "Radisson Blu Lillehammer Hotel"]
[Date "2013.06.29"]
[Round "5"]
[White "Pedersen, Ole Petter"]
[Black "Berezkin, Alexander"]
[Result "0-1"]
[WhiteElo "1415"]
[BlackElo "1345"]
[PlyCount "68"]
[EventDate "2013.??.??"]

1. d4 d5 2. c4 Nf6 3. cxd5 Nxd5 4. e4 Nb6 5. Nc3 e6 6. Be3 Bb4 7. Qb3 Qe7 8.
Bd3 Bd7 9. Nge2 Ba4 10. Bb5+ Bxb5 11. a3 Bxe2 12. Kxe2 Bxc3 13. bxc3 N8d7 14.
c4 c5 15. dxc5 Nxc5 16. Qb5+ Nbd7 17. f3 O-O 18. Rhd1 Rfd8 19. Rd2 b6 20. Rad1
Ne5 21. Rxd8+ Rxd8 22. Rxd8+ Qxd8 23. Bxc5 bxc5 24. Qxc5 Qd3+ 25. Kf2 Qd2+ 26.
Kg3 Qg5+ 27. Kh3 h6 28. Qxa7 Ng6 29. Qb8+ Kh7 30. g3 Qc1 31. Qb3 Qf1+ 32. Kg4
h5+ 33. Kg5 f6+ 34. Kxh5 Qh3# 0-1

[Event "Landsturneringen NM i sjakk 2013"]
[Site "Radisson Blu Lillehammer Hotel"]
[Date "2013.06.29"]
[Round "5"]
[White "Kroken, John Olav"]
[Black "Jakobsen, Øivind"]
[Result "1-0"]
[WhiteElo "1275"]
[BlackElo "1368"]
[PlyCount "71"]
[EventDate "2013.??.??"]

1. d4 d5 2. Bf4 Nf6 3. e3 e6 4. c4 c6 5. Qb3 Qa5+ 6. Nc3 Bb4 7. Bd3 dxc4 8.
Qxc4 Nbd7 9. Qb3 Nb6 10. Rc1 Nfd5 11. Bg3 Qa4 12. Nf3 O-O 13. O-O Qxb3 14. axb3
Nd7 15. Na4 Be7 16. Rfd1 Nb4 17. Be2 Nf6 18. Nd2 h6 19. Nc5 b6 20. Nd3 Nxd3 21.
Bxd3 Bb7 22. Nc4 c5 23. dxc5 Bxc5 24. Na3 Rfe8 25. Nb5 Re7 26. Ra1 a6 27. Nc7
Rd8 28. Bh7+ Kxh7 29. Rxd8 Ne4 30. Nxa6 Bxa6 31. Rxa6 Nxg3 32. hxg3 Rb7 33. Kf1
Kg6 34. Ke2 Be7 35. Rda8 Bf6 36. R6a7 1-0

[Event "Landsturneringen NM i sjakk 2013"]
[Site "Radisson Blu Lillehammer Hotel"]
[Date "2013.06.29"]
[Round "5"]
[White "Birkestrand, Odd H"]
[Black "Lindsjørn, Yngve"]
[Result "1-0"]
[WhiteElo "1412"]
[BlackElo "1376"]
[PlyCount "49"]
[EventDate "2013.??.??"]

1. e4 Nc6 2. Nf3 Nf6 3. Nc3 e6 4. d4 d5 5. e5 Nd7 6. a3 Nb6 7. Bd3 h6 8. O-O
Bd7 9. Ne2 g5 10. h3 Qe7 11. b3 O-O-O 12. c4 dxc4 13. bxc4 Qe8 14. Bd2 a6 15.
Qb3 Na7 16. Rfb1 Bc6 17. c5 Nd7 18. a4 Rg8 19. Nh2 Bxc5 20. Bxa6 bxa6 21. dxc5
Nxe5 22. Ba5 Kd7 23. Qg3 f6 24. Ng4 Rc8 25. Nxf6+ 1-0

[Event "Landsturneringen NM i sjakk 2013"]
[Site "Radisson Blu Lillehammer Hotel"]
[Date "2013.06.29"]
[Round "5"]
[White "Brokke, Otto"]
[Black "Brekke, John Ivar"]
[Result "1-0"]
[WhiteElo "1440"]
[BlackElo "1384"]
[PlyCount "99"]
[EventDate "2013.??.??"]

1. e4 b6 2. Nf3 Bb7 3. Nc3 e6 4. d4 Bb4 5. Bd3 Nf6 6. Bg5 h6 7. Bxf6 Bxc3+ 8.
bxc3 Qxf6 9. e5 Bxf3 10. Qxf3 Qxf3 11. gxf3 d5 12. c4 dxc4 13. Bxc4 O-O 14. Bd3
Nd7 15. Be4 Rad8 16. c3 c5 17. Rd1 cxd4 18. cxd4 Rc8 19. Ke2 Rc7 20. Rc1 Rfc8
21. Rxc7 Rxc7 22. Kd2 Kf8 23. f4 g6 24. h4 h5 25. Rg1 Ke7 26. Rg3 Nb8 27. Rd3
a6 28. Rb3 b5 29. a4 Rc4 30. axb5 axb5 31. Kd3 Rc1 32. Kd2 Rc7 33. Rxb5 Nd7 34.
Ra5 Kf8 35. Rb5 Ke7 36. Bd3 Kf8 37. f5 exf5 38. f4 Ra7 39. Rb3 Kg7 40. Kc3 Ra1
41. Rb7 Nf8 42. d5 Rh1 43. e6 Re1 44. Rxf7+ Kg8 45. Bc4 Re3+ 46. Kb4 Re4 47.
Ra7 Nxe6 48. dxe6 Rxf4 49. Ra8+ Kg7 50. e7 1-0

[Event "Landsturneringen NM i sjakk 2013"]
[Site "Radisson Blu Lillehammer Hotel"]
[Date "2013.06.29"]
[Round "5"]
[White "Dyrhaug, Sverre S"]
[Black "Lind, Magne"]
[Result "1-0"]
[WhiteElo "1335"]
[BlackElo "1284"]
[PlyCount "55"]
[EventDate "2013.??.??"]

1. e4 d5 2. exd5 Qxd5 3. Nc3 Qe5+ 4. Be2 c6 5. Nf3 Qc7 6. O-O e5 7. d4 exd4 8.
Qxd4 Qd6 9. Re1 Qxd4 10. Nxd4 Be7 11. Bf4 Nf6 12. Bc4 Kf8 13. Rad1 Bg4 14. f3
Bxf3 15. Nxf3 Bc5+ 16. Kh1 Nbd7 17. Ng5 Re8 18. Rxe8+ Kxe8 19. Nxf7 Rf8 20.
Re1+ Be7 21. Bd6 Rxf7 22. Bxf7+ Kxf7 23. Rxe7+ Kg6 24. Ne4 Nxe4 25. Rxe4 Kf6
26. Re7 Nb6 27. Rxb7 Nc4 28. Bc5 1-0

[Event "Landsturneringen NM i sjakk 2013"]
[Site "Radisson Blu Lillehammer Hotel"]
[Date "2013.06.29"]
[Round "5"]
[White "Ugland, Torge"]
[Black "Mørkedal, Øyvind"]
[Result "0-1"]
[WhiteElo "1413"]
[BlackElo "1346"]
[PlyCount "46"]
[EventDate "2013.??.??"]

1. e4 e5 2. Nf3 Nc6 3. Bc4 Bc5 4. c3 Nf6 5. d3 a6 6. O-O Ba7 7. h3 d6 8. Bb3
O-O 9. Bg5 h6 10. Bh4 Be6 11. Bc2 g5 12. Bg3 g4 13. hxg4 Bxg4 14. Bh4 Kh7 15.
d4 Rg8 16. g3 Nxd4 17. cxd4 Bxd4 18. Nc3 c6 19. Qd3 Ba7 20. Kg2 Rg6 21. Rh1 Qd7
22. Bg5 Nh5 23. Bh4 Nf4+ 0-1

[Event "Landsturneringen NM i sjakk 2013"]
[Site "Radisson Blu Lillehammer Hotel"]
[Date "2013.06.29"]
[Round "5"]
[White "Ødegaard, Karl Eirik"]
[Black "Kirkesola, Gitle"]
[Result "1/2-1/2"]
[WhiteElo "1258"]
[BlackElo "1287"]
[PlyCount "30"]
[EventDate "2013.??.??"]

1. c4 e5 2. e4 Nf6 3. d3 Bc5 4. Bg5 Nc6 5. Nf3 d6 6. Be2 Be6 7. Nc3 h6 8. Bd2
Qd7 9. Nd5 a6 10. Rb1 Bxd5 11. cxd5 Nd4 12. b4 Nxf3+ 13. Bxf3 Bd4 14. Qb3 O-O
15. O-O b5 1/2-1/2

[Event "Landsturneringen NM i sjakk 2013"]
[Site "Radisson Blu Lillehammer Hotel"]
[Date "2013.06.29"]
[Round "5"]
[White "Wærstad, Leif Edvin"]
[Black "Jacobsen, Hans-Henry"]
[Result "0-1"]
[WhiteElo "1332"]
[BlackElo "1428"]
[PlyCount "66"]
[EventDate "2013.??.??"]

1. c4 c6 2. g3 e6 3. Bg2 d5 4. cxd5 cxd5 5. Nf3 Nf6 6. Nc3 a6 7. O-O Bc5 8. d4
Ba7 9. Re1 O-O 10. Bg5 h6 11. Bxf6 Qxf6 12. e3 Nc6 13. Rc1 Bd7 14. b3 Rac8 15.
Qd2 Rc7 16. Rc2 Rfc8 17. Rec1 b5 18. Ne2 Bb6 19. a3 Qe7 20. b4 a5 21. Ne5 Nxe5
22. Rxc7 Rxc7 23. Rxc7 Bxc7 24. dxe5 axb4 25. axb4 Bxe5 26. Nd4 Bd6 27. Bf1
Bxb4 28. Qd3 Qc5 29. Kg2 e5 30. Nb3 Qc4 31. f3 Bc3 32. Nc1 Qxd3 33. Nxd3 Bd2
0-1

[Event "Landsturneringen NM i sjakk 2013"]
[Site "Radisson Blu Lillehammer Hotel"]
[Date "2013.06.29"]
[Round "5"]
[White "Yilmaz, Kazim"]
[Black "Sørensen, Idar"]
[Result "1-0"]
[WhiteElo "1368"]
[BlackElo "1230"]
[PlyCount "53"]
[EventDate "2013.??.??"]

1. c4 e6 2. d4 d5 3. Nc3 Nf6 4. Nf3 Be7 5. Bf4 Nc6 6. e3 a6 7. a4 Nh5 8. Bg3
Nxg3 9. hxg3 Bd7 10. cxd5 exd5 11. Nxd5 Be6 12. Nc3 Bb4 13. e4 Qe7 14. d5 Rd8
15. Qe2 Qc5 16. Qe3 Qxe3+ 17. fxe3 Bxd5 18. exd5 Rxd5 19. Kf2 Bxc3 20. bxc3 O-O
21. Be2 Rc5 22. Rac1 Na5 23. Nd4 f5 24. Ne6 Nb3 25. Nxc5 Nxc1 26. Rxc1 Rb8 27.
Bc4+ 1-0

[Event "Landsturneringen NM i sjakk 2013"]
[Site "Radisson Blu Lillehammer Hotel"]
[Date "2013.06.29"]
[Round "5"]
[White "Kveli, Lars"]
[Black "Prytz, Tormod"]
[Result "1-0"]
[WhiteElo "1449"]
[BlackElo "1377"]
[PlyCount "39"]
[EventDate "2013.??.??"]

1. d4 d5 2. Nf3 Nf6 3. e3 e6 4. Bd3 c5 5. b3 b6 6. O-O Ba6 7. c4 Bb7 8. Bb2
Nbd7 9. Nbd2 Ne4 10. Rc1 Ndf6 11. cxd5 Bxd5 12. Bb5+ Nd7 13. Nxe4 Bxe4 14. Ne5
a6 15. Bxd7+ Ke7 16. Bc6 f6 17. Bxe4 fxe5 18. Bxa8 Qxa8 19. dxc5 bxc5 20. Bxe5
1-0

[Event "Landsturneringen NM i sjakk 2013"]
[Site "Radisson Blu Lillehammer Hotel"]
[Date "2013.06.29"]
[Round "5"]
[White "Fredriksen, Frode"]
[Black "Strand, Ingrid"]
[Result "1/2-1/2"]
[WhiteElo "1331"]
[BlackElo "1316"]
[PlyCount "65"]
[EventDate "2013.??.??"]

1. Nf3 d5 2. d4 e6 3. c4 Nf6 4. Nc3 Be7 5. cxd5 Nxd5 6. e4 Nf6 7. Bg5 Nc6 8. e5
Nd5 9. Bxe7 Ndxe7 10. Bb5 O-O 11. O-O a6 12. Ba4 b5 13. Bc2 Bb7 14. Qd3 g6 15.
a3 Nf5 16. Ne2 Nh4 17. Nxh4 Qxh4 18. g3 Qg4 19. f3 Qg5 20. h4 Qe7 21. Qe3 f6
22. Rac1 f5 23. Bb3 Rad8 24. Rfd1 Na5 25. Nf4 Nxb3 26. Qxb3 Bd5 27. Nxd5 Rxd5
28. f4 Rfd8 29. Rc6 Kf7 30. Qc3 R8d7 31. b4 Qd8 32. Qb3 Qe7 33. Qc3 1/2-1/2

[Event "Landsturneringen NM i sjakk 2013"]
[Site "Radisson Blu Lillehammer Hotel"]
[Date "2013.06.29"]
[Round "6"]
[White "Steinkellner, Rudolf"]
[Black "Fossan, Andreas"]
[Result "1/2-1/2"]
[WhiteElo "1449"]
[BlackElo "1289"]
[PlyCount "27"]
[EventDate "2013.??.??"]

1. e4 c6 2. d4 d5 3. Nc3 dxe4 4. Nxe4 Bf5 5. Ng3 Bg6 6. Nf3 Nd7 7. Bd3 Bxd3 8.
Qxd3 Ngf6 9. O-O e6 10. Bf4 Be7 11. Rad1 O-O 12. Ne5 Nd5 13. Bc1 Nxe5 14. dxe5
1/2-1/2

[Event "Landsturneringen NM i sjakk 2013"]
[Site "Radisson Blu Lillehammer Hotel"]
[Date "2013.06.29"]
[Round "6"]
[White "Jensen, Torben Winther"]
[Black "Hoem, Audun"]
[Result "0-1"]
[WhiteElo "1491"]
[BlackElo "1376"]
[PlyCount "107"]
[EventDate "2013.??.??"]

1. e4 c5 2. Nf3 g6 3. d4 cxd4 4. Nxd4 Nc6 5. Be3 Nf6 6. Nc3 Bg7 7. Qd2 O-O 8.
f3 d5 9. Nxc6 bxc6 10. Rd1 Bb7 11. exd5 cxd5 12. Bb5 Qc7 13. O-O Rfd8 14. Qf2
a6 15. Bb6 Qd6 16. Bxd8 axb5 17. Bb6 Nd7 18. Be3 Bxc3 19. bxc3 Ne5 20. Bc5 Qc7
21. a3 Nc4 22. Bb4 e6 23. Qh4 Ne3 24. Be7 Nf5 25. Qg5 Nxe7 26. h4 Nf5 27. Rfe1
Ra4 28. h5 Qb6+ 29. Kf1 Rh4 30. hxg6 hxg6 31. Ke2 Ba6 32. Kd2 Qd6 33. g4 Rh2+
34. Re2 Rxe2+ 35. Kxe2 Qh2+ 36. Ke1 b4 37. Rd3 Bxd3 38. cxd3 Qh4+ 39. Qxh4 Nxh4
40. axb4 Nxf3+ 41. Ke2 Ne5 42. g5 Nd7 43. Ke3 Kf8 44. Kd4 Ke7 45. c4 dxc4 46.
dxc4 Kd6 47. c5+ Kc6 48. Kc4 Ne5+ 49. Kd4 Nf3+ 50. Kc4 Nxg5 51. b5+ Kc7 52. Kd4
f6 53. b6+ Kc6 54. Ke3 0-1

[Event "Landsturneringen NM i sjakk 2013"]
[Site "Radisson Blu Lillehammer Hotel"]
[Date "2013.06.29"]
[Round "6"]
[White "Lorem, Geir F"]
[Black "Gaarder, Hans K"]
[Result "1-0"]
[WhiteElo "1425"]
[BlackElo "1404"]
[PlyCount "87"]
[EventDate "2013.??.??"]

1. d4 e6 2. c4 Nf6 3. g3 d5 4. Nf3 c6 5. Bg2 dxc4 6. Ne5 Be7 7. O-O O-O 8. Nxc4
Nbd7 9. Nc3 Nb6 10. Ne5 Nbd5 11. e4 Nxc3 12. bxc3 Qa5 13. Qc2 Nd7 14. Nc4 Qb5
15. Ne3 Qa5 16. Rd1 b5 17. Bd2 Bb7 18. c4 Qb6 19. c5 Qc7 20. a4 a6 21. Rdb1
Rfd8 22. Qb2 Nf6 23. Nc4 bxc4 24. Qxb7 Qxb7 25. Rxb7 Bxc5 26. dxc5 Rxd2 27. Rc1
Rd4 28. Rb6 Nxe4 29. Rxc6 Kf8 30. Rb6 Ra7 31. c6 Nd6 32. Rb7 Ra8 33. Rb6 Ra7
34. Rb8+ Ke7 35. Rb7+ Nxb7 36. cxb7 Rd8 37. Rxc4 Rb8 38. Rc7+ Kd6 39. Rxf7 Kc5
40. Rxg7 Kb6 41. Rxh7 Raxb7 42. Rxb7+ Rxb7 43. Bxb7 Kxb7 44. h4 1-0